Modern management : (Record no. 14599)
[ view plain ]
| 000 -LEADER | |
|---|---|
| fixed length control field | 00543nam a22001697a 4500 |
| 003 - CONTROL NUMBER IDENTIFIER | |
| control field | PILC |
| 005 - DATE AND TIME OF LATEST TRANSACTION | |
| control field | 20150812103929.0 |
| 008 - FIXED-LENGTH DATA ELEMENTS--GENERAL INFORMATION | |
| fixed length control field | 130227t xxu||||| |||| 00| 0 eng d |
| 020 ## - INTERNATIONAL STANDARD BOOK NUMBER | |
| International Standard Book Number | 9814058947 |
| 050 ## - LIBRARY OF CONGRESS CALL NUMBER | |
| Classification number | HD 31 |
| Item number | .C418 2000 |
| 082 ## - DEWEY DECIMAL CLASSIFICATION NUMBER | |
| Classification number | MnSF 658 |
| Item number | C33 2000 |
| 100 ## - MAIN ENTRY--PERSONAL NAME | |
| Personal name | Certo, Samuel C. |
| 9 (RLIN) | 13067 |
| 245 ## - TITLE STATEMENT | |
| Title | Modern management : |
| Statement of responsibility, etc | Samuel C. Certo |
| Remainder of title | diversity, quality, ethics, & the global environment / |
| 260 ## - PUBLICATION, DISTRIBUTION, ETC. (IMPRINT) | |
| Place of publication, distribution, etc | Upper Saddle River, N.J. |
| Name of publisher, distributor, etc | Prentice Hall |
| Date of publication, distribution, etc | 2000. |
| 300 ## - PHYSICAL DESCRIPTION | |
| Extent | 598 pages : |
| Dimensions | 28 cm. |
| Other physical details | illustration ; |
| 942 ## - ADDED ENTRY ELEMENTS (KOHA) | |
| Source of classification or shelving scheme | Library of Congress Classification |
| Koha item type | Books |
| Withdrawn status | Lost status | Source of classification or shelving scheme | Damaged status | Home library | Current library | Shelving location | Date acquired | Source of acquisition | Total Checkouts | Full call number | Barcode | Date last seen | Copy number | Price effective from | Koha item type | Public note | Total Renewals | Date checked out | Sub Shelving location |
|---|---|---|---|---|---|---|---|---|---|---|---|---|---|---|---|---|---|---|---|
| Withdrawn | Library of Congress Classification | Southville International School Affiliated with Foreign Universities Library | Southville International School Affiliated with Foreign Universities Library | 09/04/2013 | Donation | HD 31 .C418 2000 | SFU1005 | 05/15/2018 | 1 | 09/04/2013 | Books | Books donated | |||||||
| Library of Congress Classification | Southville International School Affiliated with Foreign Universities Library | Southville International School Affiliated with Foreign Universities Library | Southville Foreign University Section | 09/04/2013 | HD 31 .C418 2000 | SFU1006 | 05/15/2018 | 2 | 09/04/2013 | Books | |||||||||
| Library of Congress Classification | Southville International School Affiliated with Foreign Universities Library | Southville International School Affiliated with Foreign Universities Library | Southville Foreign University Section | 09/06/2013 | HD 31 .C418 2000 | SFU1007 | 05/15/2018 | 3 | 09/06/2013 | Books | |||||||||
| Withdrawn | Library of Congress Classification | Southville International School Affiliated with Foreign Universities Library | Southville International School Affiliated with Foreign Universities Library | 08/12/2015 | Donation | HD 31 .C418 2000 | SFU2478 | 05/15/2018 | 08/12/2015 | Books | Books donated | ||||||||
| Withdrawn | Library of Congress Classification | Southville International School Affiliated with Foreign Universities Library | Southville International School Affiliated with Foreign Universities Library | 08/12/2015 | Donation | 1 | HD 31 .C418 2000 | SFU2479 | 05/15/2018 | 08/12/2015 | Books | Books donated | 2 | 02/06/2016 | |||||
| Library of Congress Classification | Southville International School Affiliated with Foreign Universities Library | Southville International School Affiliated with Foreign Universities Library | Southville Foreign University Section | 08/12/2015 | Donation | 1 | HD 31 .C418 2000 | SFU2480 | 05/15/2018 | 08/12/2015 | Books | 3 | 02/06/2016 | ||||||
| Library of Congress Classification | Southville International School Affiliated with Foreign Universities Library | Southville International School Affiliated with Foreign Universities Library | Southville Foreign University Section | 06/11/2020 | Donation | HD 31 .C418 2000 | SFU0634 | 06/11/2020 | 06/11/2020 | Books |